[Event "Tashkent President op 3rd"]
[Site "Tashkent"]
[Date "2024.11.24"]
[Round "4"]
[White "Nigmatov, Ortik"]
[Black "Sindarov, Javokhir"]
[Result "1/2-1/2"]
[WhiteElo "2447"]
[BlackElo "2682"]
[PlyCount "54"]
[EventDate "2024.11.21"]
[EventType "swiss"]
[EventRounds "9"]
[EventCountry "UZB"]
[SourceTitle "CB49_2024"]
[SourceDate "2024.12.04"]
[SourceVersion "1"]
[SourceVersionDate "2024.12.04"]
[SourceQuality "1"]

1. e4 e5 2. Nf3 Nc6 3. Bc4 Nf6 4. Ng5 d5 5. exd5 Na5 6. Bb5+ c6 7. dxc6 bxc6 8. Bd3 Ng4 9. Ne4 f5 10. Be2 h5 11. h3 fxe4 12. hxg4 Bc5 13. b4 Qd4 14. bxc5 0-0 15. 0-0 Qxa1 16. Nc3 e3 17. gxh5 exf2+ 18. Rxf2 Rxf2 19. Kxf2 Be6 20. Ba3 Qxd1 21. Bxd1 Rf8+ 22. Ke1 e4 23. Nxe4 Bxa2 24. Nc3 Re8+ 25. Kf2 Rf8+ 26. Ke1 Re8+ 27. Kf2 Rf8+ 1/2-1/2

[Event "Tashkent President op 3rd"]
[Site "Tashkent"]
[Date "2024.11.22"]
[Round "2"]
[White "Chu, Wei Chao"]
[Black "Sindarov, Javokhir"]
[Result "0-1"]
[WhiteElo "2419"]
[BlackElo "2682"]
[PlyCount "110"]
[EventDate "2024.11.21"]
[EventType "swiss"]
[EventRounds "9"]
[EventCountry "UZB"]
[SourceTitle "CB49_2024"]
[SourceDate "2024.12.04"]
[SourceVersion "1"]
[SourceVersionDate "2024.12.04"]
[SourceQuality "1"]

1. d4 Nf6 2. Nf3 b6 3. c4 Bb7 4. Bf4 e6 5. e3 Be7 6. h3 c5 7. Nc3 cxd4 8. exd4 0-0 9. Be2 d5 10. 0-0 dxc4 11. Bxc4 Nc6 12. a3 Na5 13. Bd3 Rc8 14. Ne5 Nd5 15. Bd2 Nc6 16. Nxc6 Bxc6 17. Re1 Qd7 18. Rc1 Rfd8 19. Ne4 Nf6 20. Bc3 Nxe4 21. Bxe4 Bxe4 22. Rxe4 Bf6 23. Qf3 Qd5 24. Qe3 Bg5 25. f4 Bf6 26. Rd1 b5 27. Kh1 h5 28. Qe2 h4 29. Re3 Qf5 30. Qf3 Rc4 31. Red3 Rd5 32. Qe3 Bd8 33. Qd2 Bc7 34. Rf3 a5 35. b3 Rc6 36. Qe1 Bxf4 37. Bxa5 g5 38. Bc3 Qc2 39. Rfd3 Bg3 40. Qd2 Qxb3 41. Bb4 Qc2 42. Qe3 Qf2 43. Qxf2 Bxf2 44. Be1 Bxe1 45. Rxe1 Rc4 46. Red1 Kf8 47. Kg1 Ke7 48. Kf2 Kd7 49. R1d2 Rc1 50. Kf3 Rf1+ 51. Ke3 Re1+ 52. Kf3 Ke7 53. Kf2 Re4 54. Kf3 Rf4+ 55. Ke3 e5 0-1

[Event "Tashkent President op 3rd"]
[Site "Tashkent"]
[Date "2024.11.21"]
[Round "1"]
[White "Sindarov, Javokhir"]
[Black "Goltseva, Ekaterina"]
[Result "1-0"]
[WhiteElo "2682"]
[BlackElo "2378"]
[PlyCount "95"]
[EventDate "2024.11.21"]
[EventType "swiss"]
[EventRounds "9"]
[EventCountry "UZB"]
[SourceTitle "CB49_2024"]
[SourceDate "2024.12.04"]
[SourceVersion "1"]
[SourceVersionDate "2024.12.04"]
[SourceQuality "1"]

1. Nf3 Nf6 2. c4 e6 3. g3 d5 4. Bg2 Be7 5. 0-0 0-0 6. d3 c5 7. Ne5 Nbd7 8. Nxd7 Bxd7 9. e4 dxe4 10. dxe4 Bc6 11. Qe2 Nd7 12. f4 Re8 13. Nc3 Bf8 14. Be3 Qc7 15. g4 f5 16. gxf5 exf5 17. e5 Nb6 18. b3 Rad8 19. Rad1 Kh8 20. Bxc6 Qxc6 21. Qg2 Qc8 22. Nd5 Qc6 23. Rd2 Rd7 24. Rfd1 Red8 25. Bf2 Be7 26. Rd3 Qe6 27. Qf3 h6 28. a4 Rg8 29. Kh1 Qc6 30. Qg2 Bd8 31. Nc3 Rxd3 32. Rxd3 g5 33. Rd6 Qxg2+ 34. Kxg2 gxf4+ 35. Kf3 Bc7 36. Rxh6+ Kg7 37. Re6 Kf7 38. Rf6+ Kg7 39. Rxf5 Re8 40. e6 Rxe6 41. Rxc5 Bd6 42. Rb5 Nd7 43. Rxb7 Re7 44. Bd4+ Kf7 45. Ne4 Be5 46. Bc5 Nxc5 47. Rxe7+ Kxe7 48. Nxc5 1-0

[Event "EU-Cup 39th"]
[Site "Vrnjacka Banja"]
[Date "2024.10.26"]
[Round "7.6"]
[White "Nguyen, Thai Dai Van"]
[Black "Sindarov, Javokhir"]
[Result "1/2-1/2"]
[WhiteElo "2663"]
[BlackElo "2668"]
[PlyCount "63"]
[EventDate "2024.10.20"]
[EventType "team-swiss"]
[EventRounds "7"]
[EventCountry "SRB"]
[SourceTitle "CB44_2024"]
[Source "Chessbase"]
[SourceDate "2024.10.30"]
[SourceVersion "1"]
[SourceVersionDate "2024.10.30"]
[SourceQuality "1"]
[WhiteTeam "Novy Bor"]
[BlackTeam "SuperChess"]
[WhiteTeamCountry "CZE"]
[BlackTeamCountry "ROU"]

1. e4 e5 2. Nf3 Nc6 3. Nc3 Nf6 4. d4 exd4 5. Nxd4 Bb4 6. Nxc6 bxc6 7. Bd3 0-0 8. 0-0 d5 9. exd5 cxd5 10. h3 c6 11. Re1 Rb8 12. Be3 Ba5 13. Bc5 Re8 14. Rxe8+ Qxe8 15. Na4 Bc7 16. Qe1 Qxe1+ 17. Rxe1 Be6 18. b3 a5 19. Ba7 Ra8 20. Bb6 Bd6 21. Bc5 Bc7 22. Be3 g6 23. Nc5 Nd7 24. Nxe6 fxe6 25. c4 a4 26. cxd5 axb3 27. d6 Ba5 28. Re2 Bb4 29. Bc4 Rxa2 30. Bxe6+ Kf8 31. Rxa2 bxa2 32. Bxa2 1/2-1/2

[Event "EU-Cup 39th"]
[Site "Vrnjacka Banja"]
[Date "2024.10.25"]
[Round "6.6"]
[White "Sindarov, Javokhir"]
[Black "Aczel, Gergely"]
[Result "1-0"]
[WhiteElo "2668"]
[BlackElo "2460"]
[PlyCount "71"]
[EventDate "2024.10.20"]
[EventType "team-swiss"]
[EventRounds "7"]
[EventCountry "SRB"]
[SourceTitle "CB44_2024"]
[Source "Chessbase"]
[SourceDate "2024.10.30"]
[SourceVersion "1"]
[SourceVersionDate "2024.10.30"]
[SourceQuality "1"]
[WhiteTeam "SuperChess"]
[BlackTeam "Nagykanizsa Tuxera"]
[WhiteTeamCountry "ROU"]
[BlackTeamCountry "HUN"]

1. e4 c6 2. Nf3 d5 3. Nc3 dxe4 4. Nxe4 Nf6 5. Qe2 Nxe4 6. Qxe4 Qa5 7. Qf4 Qf5 8. Qe3 Qe6 9. b3 Qxe3+ 10. fxe3 f6 11. Bb2 e5 12. 0-0-0 Bd6 13. d4 exd4 14. exd4 Be6 15. Bd3 0-0 16. Rde1 Bf7 17. Nd2 Rd8 18. Ne4 Bb4 19. Re3 Nd7 20. c4 Re8 21. g4 Bg6 22. h4 h6 23. h5 Bh7 24. c5 b6 25. a3 Bxc5 26. Rhe1 Bf8 27. Bc4+ Kh8 28. Nd6 Rxe3 29. Nf7+ Kg8 30. Nxh6+ Kh8 31. Nf7+ Kg8 32. Rxe3 b5 33. Be6 Nb6 34. Ne5+ Kh8 35. Ng6+ Bxg6 36. hxg6 1-0

[Event "EU-Cup 39th"]
[Site "Vrnjacka Banja"]
[Date "2024.10.24"]
[Round "5.6"]
[White "Federic, Jozef"]
[Black "Sindarov, Javokhir"]
[Result "0-1"]
[WhiteElo "2199"]
[BlackElo "2668"]
[PlyCount "98"]
[EventDate "2024.10.20"]
[EventType "team-swiss"]
[EventRounds "7"]
[EventCountry "SRB"]
[SourceTitle "CB44_2024"]
[Source "Chessbase"]
[SourceDate "2024.10.30"]
[SourceVersion "1"]
[SourceVersionDate "2024.10.30"]
[SourceQuality "1"]
[WhiteTeam "Modra Javes"]
[BlackTeam "SuperChess"]
[WhiteTeamCountry "SVK"]
[BlackTeamCountry "ROU"]

1. Nf3 Nf6 2. g3 b5 3. Bg2 Bb7 4. 0-0 e6 5. d3 d5 6. e4 dxe4 7. Ng5 Qc8 8. Nxe4 Nxe4 9. dxe4 Be7 10. Qe2 0-0 11. Rd1 b4 12. Bf4 Nd7 13. Nd2 e5 14. Be3 Nb6 15. Qh5 Qe6 16. b3 Rad8 17. Rac1 a5 18. c4 Nd7 19. Bh3 Qc6 20. Bxd7 Rxd7 21. Qe2 Rfd8 22. f3 h5 23. Nf1 f5 24. Rxd7 Qxd7 25. Nd2 Qd3 26. Re1 Qc2 27. Nf1 Qxe2 28. Rxe2 fxe4 29. f4 exf4 30. Bxf4 g5 31. Be3 Kf7 32. Rd2 Rd3 33. Kf2 Ke6 34. Ke2 Rc3 35. Bd4 Rf3 36. Ne3 h4 37. gxh4 gxh4 38. Rd1 c5 39. Bg7 Rh3 40. Rh1 Bg5 41. Nf1 a4 42. Rg1 Kf5 43. Bf8 axb3 44. axb3 Rxb3 45. Bxc5 Rb2+ 46. Ke1 b3 47. h3 Ra2 48. Kd1 Ra1+ 49. Ke2 b2 0-1